Statistics for Jurassic World : Dominion Dinosaurs

Click here to take the quiz!

General Stats

  • This quiz has been taken 53 times
    (44 since last reset)
  • The average score is 17 of 33

Answer Stats

HintAnswer% Correct
Ate the scooter guyAllosaurus
85%
Seen when escaping the Biosyn fire. Has a club tail.Ankylosaurus
78%
It's Buck and Doe from the Lost World!!!Tyrannosaurus rex
78%
Malta chaseAtrociraptor
74%
Seen when escaping the Biosyn fire. Has a long neck.Brachiosaurus
74%
Somehow it cloned itselfVelociraptor
74%
One adult and one juvenile both seen in MaltaCarnotaurus
70%
Dodgson! We've got Dodgson here! See, nobody cares.Dilophosaurus
67%
"Joker" of the movie. What a joke.Giganotosaurus
67%
First fully-feathered raptor in the history of Jurassic Franchise.Pyroraptor
67%
Owen Grady was leading one back to it's herdParasaurolophus
59%
Appeared in the news footage in the beginning of the movie. Tail spikes.Stegosaurus
59%
Has a prosthetic armBaryonyx
56%
R.I.P. Alan Grant's hatDimetrodon
56%
Appeared in the new footage in the beginning of the movie. Looks like an ostrich.Gallimimus
56%
Smacked the poor deer to death with one blowTherizinosaurus
56%
Hiding in the snowApatosaurus
52%
Seen in the illegal breeding facility in the beginning of the movie. Has two holes in it's frill.Sinoceratops
52%
Seen in the illegal breeding facility in the beginning of the movie. Has three horns.Triceratops
52%
Seen when Alan Grant and Ellie Sattler flown into the Biosyn SanctuaryDreadnoughtus
44%
Appeared in the new footage in the beginning of the movie. Sea creature.Mosasaurus
44%
Got decapitatedOviraptor
44%
Attacked Claire Dearing when she was ejected from Kayla Watts' crash-landing planePteranodon
41%
Destroyed Kayla Watts' PlaneQuetzalcoatlus
41%
Somehow end up as a Maltese black market delicacyCompsognathus
37%
Seen in the Maltese black market. Treated as a pet.Dimorphodon
37%
Fighting in the ring in the Maltese black marketLystrosaurus
37%
Look! A sick baby!Nasutoceratops
33%
Seen in the Maltese black market. Has a thick skull.Stygimoloch
30%
Pretty sure most people didn't even know it was there, but it was there for like two secondsIguanodon
26%
Seen only in video with Charlotte LockwoodMicroceratus
26%
Somehow they became the main problem of the movieGiant locust
22%
Appeared in the Biosyn research facility. Small carnivore, fully-feathered.Moros intrepidus
19%

Score Distribution

Percentile by Number Answered

Percent of People with Each Score

Your Score History

You have not taken this quiz since the last reset